Инструментальные средства информационного менеджмента. CASE-технологии и распределенные информационные системы: учебное пособие

Bibliografiske detaljer
Hovedforfatter: Александров Д. В. Дмитрий Владимирович
Summary:Рассмотрены особенности стандарта UML 2 при моделировании бизнес-процессов и разработке распределенных информационных систем на основе технологии RUP с использованием различных CASE-средств, в частности, Enterprise Architect (Sparx Systems). Описаны современные СУБД (Oracle), м>льтиагентные системы (JADE), технологии веб-сервисов и управления бизнес-процессами (Active BPEL), системы групповой работы (Microsoft SharePoint). Уделено внимание особенностям построения онтологии на языке OWL и др. Для студентов, аспирантов, а также специалистов — системных аналитиков, системотехников и программистов. Может использоваться преподавателями при проведении занятий.
Sprog:russisk
Udgivet: Москва, Финансы и статистика, 2011
Fag:
Format: MixedMaterials Bog
KOHA link:https://koha.lib.tpu.ru/cgi-bin/koha/opac-detail.pl?biblionumber=207401

MARC

LEADER 00000nam0a2200000 4500
001 207401
005 20231101225411.0
010 |a 9785279034758 
035 |a (RuTPU)RU\TPU\book\226224 
090 |a 207401 
100 |a 20120124d2011 m y0rusy50 ca 
101 0 |a rus 
102 |a RU 
105 |a a j 001zy 
200 1 |a Инструментальные средства информационного менеджмента. CASE-технологии и распределенные информационные системы  |e учебное пособие  |f Д. В. Александров 
210 |a Москва  |c Финансы и статистика  |d 2011 
215 |a 224 с.  |c ил. 
320 |a Глоссарий: с. 212-218. 
320 |a Библиографический список: с. 219-221. 
330 |a Рассмотрены особенности стандарта UML 2 при моделировании бизнес-процессов и разработке распределенных информационных систем на основе технологии RUP с использованием различных CASE-средств, в частности, Enterprise Architect (Sparx Systems). Описаны современные СУБД (Oracle), м>льтиагентные системы (JADE), технологии веб-сервисов и управления бизнес-процессами (Active BPEL), системы групповой работы (Microsoft SharePoint). Уделено внимание особенностям построения онтологии на языке OWL и др. Для студентов, аспирантов, а также специалистов — системных аналитиков, системотехников и программистов. Может использоваться преподавателями при проведении занятий. 
606 1 |a Информационный менеджмент  |2 stltpush  |3 (RuTPU)RU\TPU\subj\69566  |9 84367 
610 1 |a бизнес-процессы 
610 1 |a моделирование 
610 1 |a распределенные информационные системы 
610 1 |a процессная деятельность 
610 1 |a структурное моделирование 
610 1 |a IDEF-технологии 
610 1 |a цикл Деминга 
610 1 |a процессы 
610 1 |a мониторинг 
610 1 |a CASE-технологии 
610 1 |a СМК 
610 1 |a системы менеджмента качества 
610 1 |a программные средства 
610 1 |a UML 
610 1 |a диаграммы 
610 1 |a RUP 
610 1 |a MDA 
610 1 |a модельно-ориентированная архитектура 
610 1 |a практические задания 
610 1 |a веб-сервисы 
610 1 |a администрирование 
610 1 |a бизнес-планирование 
610 1 |a учебные пособия 
610 1 |a СУБД 
610 1 |a Oracle 
686 |a У9(2)39я73  |v LBC/SL-A  |2 rubbk 
700 1 |a Александров  |b Д. В.  |g Дмитрий Владимирович 
801 1 |a RU  |b 63413507  |c 20120124 
801 2 |a RU  |b 63413507  |c 20120312  |g RCR 
900 |a Информационный менеджмент 
942 |c BK 
951 |b 230400 
959 |a 3/20120124  |d 1  |e 225,00  |f ЧЗГЛ:1